01595nam a22002777a 4500003000400000005001700004008004100021040002200062082001500084100004100099245006500140260005000205300001900255366000800274490002100282505006300303505037000366505029000736505001501026650004301041650005201084650005101136650004801187650004601235700003601281OSt20230608094017.0221006b |||||||| |||| 00| 0 eng d cBiblioteca Lado V a700bS232c aSantamaria-Delgado, CarolinaeEditor aCuadernos/bde música, artes visuales y artes escénicas/ aUniversidad Javerianac2015bColombiabBogota c22x28cma245p. espa a1v10x1794-6670 tEDITORIALaUna Mirada sobre el giro corporal en Colombia  tDossieraConocimiento Danzario La pornificacion de la mirada Nuevas pedagogias del cuerpo para la transformación de las subjetividades subordinadas Memorias, Violencias, cotidianidades y reconfiguraciones temporales en cuerpos femeninos Maquillar los cuerpos El cuerpo como medio de expresión y como instrumento de trabajo Modos de relación sintiente  tFuera de DossieraTeatralidades híbridas y elementos inmateriales en esta propiedad Antiestética y la función social del caos en los años sesenta Ilustrados Indice y cultura digital Articulo breve/presentación de obra Convocatoria para la presentación de artículos tICONOTOPIA 2Tesauro de Arte & ArquitecturaaMUSICA 2Tesauro de Arte & ArquitecturaaARTES ESCENICAS 2Tesauro de Arte & ArquitecturaaARTES VISUALES 2Tesauro de Arte & ArquitecturaaICONOGRAFIA 2Tesauro de Arte & ArquitecturaaEDUCACION aNavarreta, Jose Antonioeeditor